000 00736nam a2200229Ia 4500
003 OSt
005 20220923220631.0
006 a|||||r|||| 00| 0
007 ta
008 220922b |||||||| |||| 00| 0 hin d
024 _a188,123
037 _cTextual
040 _aARTS
_cARTS
_bhin
041 _2hin
_ahin
082 _aV28271:710Q3, 152J0
100 _aकसालिवाला, कस्तूरचन्द, संपा.
_9156397
245 0 _aप्रशास्ति संग्रह
246 _aPrashāsti sangraha
260 _c1950
942 _hV28271:710Q3, 152J0
_cTEXL
_2CC
999 _c341199
_d341199